The magic power of self image psychology: the new way to a bright, full life. (Record no. 35965)

MARC details
000 -LEADER
fixed length control field 00473nam a2200181Ia 4500
020 ## - INTERNATIONAL STANDARD BOOK NUMBER
ISBN 9783486004
050 ## - CALL MARK
Classification number BF 637.S8 .M35/
100 ## - STATEMENT OF RESPONSIBILITY--MAIN AUTHOR NAME
Personal name Maltz, Maxwell
245 #4 - TITLE STATEMENT
Title The magic power of self image psychology: the new way to a bright, full life.
260 ## - PUBLICATION, DISTRIBUTION, ETC. (IMPRINT)
Place of publication Nigeria
260 ## - PUBLICATION, DISTRIBUTION, ETC. (IMPRINT)
Name of publisher Gospel Press & Lit. Int.
260 ## - PUBLICATION, DISTRIBUTION, ETC. (IMPRINT)
Year of publication 1999
300 ## - PHYSICAL DESCRIPTION
Number of Pages 216 p
650 ## - SUBJECT ADDED ENTRY--TOPICAL TERM
Topical Term Success.
942 ## - ADDED ENTRY ELEMENTS (KOHA)
Koha item type Books
Holdings
Withdrawn status Lost status Source of classification or shelving scheme Damaged status Not for loan Permanent Location Current Location Date acquired Accession Number Price effective from Koha item type
    Library of Congress Classification     NILE UNIVERSITY OF NIGERIA - MAIN LIBRARY NILE UNIVERSITY OF NIGERIA - MAIN LIBRARY 04/23/2025 0194566 04/23/2025 Books